000 00708nam a2200205 i 4500
001 34532
003 ES-MaACL
005 20251224063015.0
007 t|
008 030207s1971 sp ||||1| spa d
100 1 _aBonhoeffer, Dietrich,
_d1906-1945
_930163
245 1 0 _aResistencia y sumisión
_b: cartas y apuntes desde el cautiverio /
_cDietrich Bonhoeffer ; [traductor: Michael Faber-Kaiser].
250 _a[2ª ed.].
260 _a[Barcelona, etc.] :
_bAriel,
_c[1971]
300 _a283 p. ;
_c19 cm.
600 1 4 _aBonhoeffer, Dietrich,
_d1906-1945-
_vCorrespondencia
_930164
700 0 _aFaber-Kaiser, Michael.
_948510
852 _aES-MaACL
_jC-50171
_bR.78676
999 _c34532
_d34532